Evolution of the judicial opinion : institutional and individual styles /
| Main Author: | |
|---|---|
| Format: | Book |
| Language: | English |
| Published: |
New York :
New York University Press,
[2007]
|
| Subjects: | |
| Online Access: | Table of contents Publisher description Contributor biographical information |
MARC
| Tag | First Indicator | Second Indicator | Subfields |
|---|---|---|---|
| LEADER | 00000cam a2200000 a 4500 | ||
| 001 | in00002366621 | ||
| 005 | 20151109044441.0 | ||
| 008 | 070412s2007 nyua b 001 0 eng | ||
| 010 | |a 2007015409 | ||
| 020 | |a 9780814767269 (cloth : alk. paper) | ||
| 020 | |a 0814767265 (cloth : alk. paper) | ||
| 029 | 1 | |a AU@ |b 000041544030 | |
| 029 | 1 | |a NZ1 |b 11335732 | |
| 035 | |a (OCoLC)ocn123232333 | ||
| 035 | |a (OCoLC)123232333 | ||
| 040 | |a DLC |c DLC |d BAKER |d BTCTA |d ZYF |d C#P |d YDXCP |d CWCLL |d CSFLA |d IXA |d UtOrBLW | ||
| 043 | |a n-us--- | ||
| 049 | |a TXAM | ||
| 050 | 0 | 0 | |a KF8990 |b .P67 2007 |
| 082 | 0 | 0 | |a 347.73/12 |2 22 |
| 100 | 1 | |a Popkin, William D. | |
| 245 | 1 | 0 | |a Evolution of the judicial opinion : |b institutional and individual styles / |c William D. Popkin. |
| 264 | 1 | |a New York : |b New York University Press, |c [2007] | |
| 264 | 4 | |c ©2007 | |
| 300 | |a vii, 301 pages : |b illustrations ; |c 24 cm. | ||
| 336 | |a text |b txt |2 rdacontent | ||
| 337 | |a unmediated |b n |2 rdamedia | ||
| 338 | |a volume |b nc |2 rdacarrier | ||
| 504 | |a Includes bibliographical references (pages 245-292) and index. | ||
| 505 | 0 | |a The English tradition and its evolution -- The United States founding : creation of a judicial institution -- Institutional style in the 19th century : U.S. Supreme Court -- Institutional style in the 19th century : states -- Contemporary United States practice : institutional style -- Contemporary United States practice : individual style. | |
| 650 | 0 | |a Judicial opinions |z United States |x History. | |
| 650 | 0 | |a Judicial opinions |z United States |x Language |x History. | |
| 650 | 0 | |a Judicial process |z United States |x History. | |
| 856 | 4 | 1 | |z Table of contents |u http://www.loc.gov/catdir/toc/ecip0715/2007015409.html |t 0 |
| 856 | 4 | 2 | |z Publisher description |u http://www.loc.gov/catdir/enhancements/fy0729/2007015409-d.html |t 0 |
| 856 | 4 | 2 | |z Contributor biographical information |u http://www.loc.gov/catdir/enhancements/fy0734/2007015409-b.html |t 0 |
| 938 | |a Baker & Taylor |b BKTY |c 45.00 |d 45.00 |i 0814767265 |n 0007275277 |s active | ||
| 938 | |a Baker and Taylor |b BTCP |n BK0007275277 | ||
| 938 | |a YBP Library Services |b YANK |n 2565332 | ||
| 945 | |a PromptCat |b 397590 | ||
| 946 | |a stk | ||
| 947 | |a A14836884340 | ||
| 948 | |a cataloged |b h |c 2008/5/1 |d c |e ceaton |f 10:40:41 am | ||
| 994 | |a 92 |b TXA | ||
| 999 | |a MARS | ||
| 999 | f | f | |s 35a1c012-e1bd-36f2-be3b-75f68f446ddf |i de739bc9-0b78-384b-a581-1c9721676c6b |t 0 |
| 952 | f | f | |p ric |a Texas A&M University |b Rellis Campus |c Joint Library Facility |d Remote Storage |t 0 |e KF8990 .P67 2007 |h Library of Congress classification |i unmediated -- volume |m A14836884340 |
| 998 | f | f | |a KF8990 .P67 2007 |t 0 |l Remote Storage |